000 00257nam a22001097a 4500
008 170119b xxu||||| |||| 00| 0 eng d
020 _a9780323018968
041 _aeng
080 _23RD
_a618.2
245 _aMEDICAL-SURGICAL NURSING
_cDIRKSEN
942 _2udc
_cBK
999 _c3161
_d3161